Score 0/42 Timer 04:00
0 Plays Today
Hint Word % Correct
Not nearFAR
97%
Overweight, obeseFAT
96.8%
Consume foodEAT
96.5%
Upper limbARM
96.1%
Painting, sculpture, music, e.g.ART
95.6%
Point a firearmAIM
95.1%
Male pronounHIM
94.7%
Small industrious insectANT
94.4%
Spring monthMAY
93.8%
♞ Organ of hearing ♞EAR
93.5%
Type of evergreen treeFIR
91.7%
♞ Shaft of sunlight ♞RAY
91.5%
Sun-baked skin shadeTAN
89.2%
♞ Tolkien's tree-like being ♞ENT
89.1%
♞ Gases surrounding earth ♞AIR
88.8%
Expected number of golf strokesPAR
88.7%
♞ Garment edge ♞HEM
88.2%
Male sheepRAM
88.1%
AssistanceAID
87.3%
Golf ball holderTEE
87.2%
SkilletPAN
86.9%
Hint Word % Correct
Cereal grainOAT
86.5%
Rowboat propulsion deviceOAR
86.4%
Wild animal's lairDEN
86%
♞ Male offspring ♞SON
85.7%
Aykroyd, Rather, or QuayleDAN
84.3%
To make a mistakeERR
83.9%
Outer edge of an objectRIM
83.8%
Place backside on chairSIT
83.5%
Serpentine fishEEL
81.6%
TransgressionSIN
80.3%
Purge, disencumberRID
79.6%
Hockey great BobbyORR
79.6%
♞ 'Gidget' actress Sandra ♞DEE
78.8%
With Bo martial arts fitness TAE
78.8%
♞ With Tai a cocktail ♞MAI
78.6%
Norse goddessHEL
75.3%
Mental sharpnessWIT
69.3%
Marcia and Cindy Brady's sisterJAN
69%
♞ Buddhist temple in Thailand ♞WAT
66.2%
With Alai a Latin American sportJAI
64.2%
♞ Right-angled connector ♞ELL
54%

Today's Daily Dose

Missing Word
I Hardly Know Her!

Word Ladder
Sentence Ending

Quick Pick
Female Firsts

Get the Picture
Triathlon Sports

Remove Ads.
Support Sporcle.
Get the best of Sporcle when you Go Orange. This ad-free experience offers more features, more stats, and more fun while also helping to support Sporcle. Thank you for becoming a member.

You're not logged in!

Compare scores with friends on all Sporcle quizzes.
OR
Log In

Show Comments

Extras

Top Quizzes Today


Score Distribution

Your Account Isn't Verified!

In order to create a playlist on Sporcle, you need to verify the email address you used during registration. Go to your Sporcle Settings to finish the process.

Report this User

Report this user for behavior that violates our Community Guidelines.

Details: